000 00914nas a2200289 4500
001 BR2013008013
003 BR-BrBNA
005 20231205123102.0
007 ta
008 230509b bl.|||p| |||| 00| 00por d
040 _aBR-BrBNA
_bpor
_cBiblioteca Nacional de Agricultura
041 _a(En)
072 _aQ02; Q05
100 1 _aGaensly, F.
100 1 _aWille, G.M.F. de C.
100 1 _aBrand, D.
100 1 _aBonfim, T.M.B.
245 1 _aIron enriched Saccharomyces cerevisiae maintains its fermenting power and bakery properties
650 _aFERMENTO
650 _aPRODUTO DE PANIFICAÇÃO
650 _aFERRO
650 _aRENDIMENTO
773 0 _tCiência e Tecnologia de Alimentos (Brazil)
_xISSN 1678-457X
_g(Oct-Dec 2011), v. 31(4) p. 980-983
_wBR2013008013
856 4 0 _uhttp://www.scielo.br/pdf/cta/v31n4/25.pdf
909 _a202311
_bLúcia
_c55
_dLúcia Elande
942 _2AGRIS
_n0
_cANA
999 _c232103
_d232103